<?xml version="1.0" encoding="UTF-8"?>
<record
    xmlns:xsi="http://www.w3.org/2001/XMLSchema-instance"
    xsi:schemaLocation="http://www.loc.gov/MARC21/slim http://www.loc.gov/standards/marcxml/schema/MARC21slim.xsd"
    xmlns="http://www.loc.gov/MARC21/slim">

  <leader>00822nam a22002537a 4500</leader>
  <controlfield tag="005">20100921141733.0</controlfield>
  <controlfield tag="007">sd ammalaaahaa</controlfield>
  <controlfield tag="008">100921t        xxu||||| |||| 00| 0 hin d</controlfield>
  <datafield tag="028" ind1=" " ind2=" ">
    <subfield code="a">01-0002A</subfield>
    <subfield code="b">Concord Records</subfield>
  </datafield>
  <datafield tag="035" ind1=" " ind2=" ">
    <subfield code="a">GR-03757</subfield>
  </datafield>
  <datafield tag="100" ind1=" " ind2=" ">
    <subfield code="a">Bhosle, Asha</subfield>
    <subfield code="9">1184</subfield>
  </datafield>
  <datafield tag="245" ind1=" " ind2=" ">
    <subfield code="a">Sold out part 1 &amp; 2 /</subfield>
    <subfield code="c">by Asha Bhosle </subfield>
  </datafield>
  <datafield tag="260" ind1=" " ind2=" ">
    <subfield code="a">Dum Dum, India</subfield>
    <subfield code="b">Concord Records</subfield>
    <subfield code="c">n. d.</subfield>
  </datafield>
  <datafield tag="300" ind1=" " ind2=" ">
    <subfield code="a">1 Sound dics [Gramophone Record]</subfield>
    <subfield code="b">analog, 33 1/3 rpm</subfield>
    <subfield code="c">12 in. (LP)</subfield>
  </datafield>
  <datafield tag="500" ind1=" " ind2=" ">
    <subfield code="a">Brief record</subfield>
  </datafield>
  <datafield tag="500" ind1=" " ind2=" ">
    <subfield code="a">Concord Records</subfield>
  </datafield>
  <datafield tag="500" ind1=" " ind2=" ">
    <subfield code="a">Yellow</subfield>
  </datafield>
  <datafield tag="505" ind1=" " ind2=" ">
    <subfield code="a">Pyar karne wale, Chain se humko kabhi</subfield>
  </datafield>
  <datafield tag="650" ind1=" " ind2=" ">
    <subfield code="a">Classical Music</subfield>
    <subfield code="v">Filmi Song</subfield>
    <subfield code="x">Excerpts</subfield>
    <subfield code="z">India</subfield>
    <subfield code="9">20898</subfield>
  </datafield>
  <datafield tag="700" ind1=" " ind2=" ">
    <subfield code="9">20899</subfield>
  </datafield>
  <datafield tag="700" ind1=" " ind2=" ">
    <subfield code="9">20917</subfield>
  </datafield>
  <datafield tag="942" ind1=" " ind2=" ">
    <subfield code="2">ddc</subfield>
    <subfield code="c">GR</subfield>
  </datafield>
  <datafield tag="999" ind1=" " ind2=" ">
    <subfield code="c">47279</subfield>
    <subfield code="d">47279</subfield>
  </datafield>
  <datafield tag="952" ind1=" " ind2=" ">
    <subfield code="0">0</subfield>
    <subfield code="1">0</subfield>
    <subfield code="2">ddc</subfield>
    <subfield code="4">0</subfield>
    <subfield code="7">1</subfield>
    <subfield code="8">NFIC</subfield>
    <subfield code="a">L</subfield>
    <subfield code="b">L</subfield>
    <subfield code="d">2010-09-21</subfield>
    <subfield code="e">SED/VEN</subfield>
    <subfield code="l">0</subfield>
    <subfield code="p">GR-03757</subfield>
    <subfield code="r">2010-09-21 00:00:00</subfield>
    <subfield code="t">1</subfield>
    <subfield code="w">2010-09-21</subfield>
    <subfield code="y">GR</subfield>
  </datafield>
</record>
